01113nam a22002297a 4500999001700000003000900017008004100026040007100067082002300138100003200161245012100193260003300314300004600347505027000393650002900663650001600692650001500708650002600723942001600749945000800765952011000773 c22679d22679AR-CdUCM190223b ||||| |||| 00| 0 spa d aMUNICIPALIDAD PROVINCIAL DEL CUSCOcBIBLIOTECA MUNICIPAL DEL CUSCO a985.019/V21LbV21L aValenzuela Lovón, Armando aLito biblioteca de los inkas :benfoque de la Arqueología científica de los inkas /cArmando Valenzuela Lovón. aCusco :bJL Editores,c2021. a115 páginas. :bilustraciones ;c21 cm. aContenido: El hombre andino en la Ciencia Quechua. -- Cuerpo humano y Quechua. -- Clave gramatical Quechua. -- Aspectos filosóficos y escritura Inka. -- Lito biblioteca andina en gráficos. -- Ollantaytambo Filosófico. -- Arque Astronomía en Machupicchu. ... aHistoria del Cusco91714 aInkas91899 aIncas9303 aCultura andina948861 2ddccLIBROS arac 002ddc4070aSHbSHcCARTd2023-01-10eDonacióng20.00o985.019/V21LpSH0000016519r2023-01-10yLIBROS